书目信息 |
| 题名: |
雾霾来了!清肺,防癌,少生病
|
|
| 作者: | 穆永涛 编著 | |
| 分册: | ||
| 出版信息: | 天津 天津科学技术出版社 2014 |
|
| 页数: | 256页 | |
| 开本: | 25cm | |
| 丛书名: | ||
| 单 册: | ||
| 中图分类: | X510.31 | |
| 科图分类: | ||
| 主题词: | 空气污染--影响--健康--基本知识 | |
| 电子资源: | ||
| ISBN: | 978-7-5308-8829-2 | |
| 000 | 00696nam0 2200229 450 | |
| 001 | 012015000836 | |
| 005 | 20150911082437.20 | |
| 010 | @a978-7-5308-8829-2@dCNY32.00 | |
| 100 | @a20141219d2014 em y0chiy50 ea | |
| 101 | 0 | @achi |
| 102 | @aCN@b120000 | |
| 105 | @ay z 000yy | |
| 106 | @ar | |
| 200 | 1 | @a雾霾来了!清肺,防癌,少生病@Awu mai lai le !qing fei ,fang ai ,shao sheng bing@f穆永涛编著 |
| 210 | @a天津@c天津科学技术出版社@d2014 | |
| 215 | @a256页@d25cm | |
| 300 | @a协和健康·科学防治 | |
| 606 | 0 | @a空气污染@x影响@x健康@x基本知识 |
| 690 | @aX510.31@v5 | |
| 701 | 0 | @a穆永涛@Amu yong tao@c(医生)@4编著 |
| 801 | 0 | @aCN@b碧洲教育@c20150718 |
| 905 | @a10447@f4@dX510.31@e134 | |
| 雾霾来了!清肺,防癌,少生病/穆永涛编著.-天津:天津科学技术出版社,2014 |
| 256页;25cm |
| 协和健康·科学防治 |
| ISBN 978-7-5308-8829-2:CNY32.00 |
| ● |
| 相关链接 |
|
|
|
|
正题名:雾霾来了!清肺,防癌,少生病
索取号:X510.31/134
 
预约/预借
| 序号 | 登录号 | 条形码 | 馆藏地/架位号 | 状态 | 备注 |
| 1 | 0847847 | 208478477 | 第二样本阅览室/ [索取号:X510.31/134] | 在馆 | |
| 2 | 0847848 | 208478486 | 第三借阅区/ [索取号:X510.31/134] | 在馆 | |
| 3 | 0847849 | 208478495 | 第三借阅区/ [索取号:X510.31/134] | 在馆 | |
| 4 | 0847850 | 208478501 | 密集书库-化学系/ [索取号:X510.31/134] | 在馆 |